Представление документа в формате RUSMARC

ПолеНазваниеЗначение
  Тип записи a
  Библиографический уровень c
001 Контрольный номер RU/SLIB/B/208720670
005 Дата корректировки 20241102083826.8
010 Индекс ISBN __
d Цена 15-00
101 Язык документа __
a Язык текста rus
c Язык оригинала rus
200 Заглавие и сведения об ответственности 1_
a Заглавие Тайна Сорни-най
e Сведения, относящиеся к заглавию повести
f Первые сведения об ответственности Шесталов Ю. Н. ; худож. В. Петров
b Общее обозначение материала Текст
210 Выходные данные __
a Место издания М.
c Издательство Современник
d Дата издания 1987
215 Физическое описание __
a Объем 464 с.
c Иллюстрации/тип воспроизводства ил.
225 Серия __
a Серия Библиотека литератур народностей Севера и Дальнего Востока
300 Общие примечания __
a Общие примечания Кн. с автогр.
606 Тематические рубрики __
a Основная рубрика Художественная литература
z Хронологическая подрубрика 20 в.
y Географическая подрубрика Россия; ХМАО; Ханты-Мансийский автономный округ
606 Тематические рубрики __
a Основная рубрика Литература народов России (произведения)
610 Ключевые слова __
a Ключевые слова мансийская литература; повести; проза
686 Индексы других классификаций __
a Классификационный индекс К84(2Рос=Манс)6-4
700 Автор _1
a Фамилия Шесталов
b Имя Ю. Н.
g Полное личное имя Юван Николаевич
4 Код отношения 070
702 Вторичная интеллектуальная ответственность _1
a Фамилия Петров
b Имя В.
4 Код отношения Художник
4 Код отношения 040
801 Источник записи _0
a Страна RU
b Организация Муниципальное бюджетное учреждение культуры "Централизованная библиотечная система" г. Сургут (Центральная городская библиотека им. А. С. Пушкина)
g Правила каталогизации ОБ/Котельникова
801 Источник записи _1
a Страна RU
b Организация Муниципальное бюджетное учреждение культуры "Централизованная библиотечная система" г. Сургут (Центральная городская библиотека им. А. С. Пушкина)
g Правила каталогизации ОБ/Котельникова
852 Данные о местонахождении __
j Шифр хранения К84(2Рос=Манс)6-4
c Каталожный индекс К84(2Рос=Манс)6-4
i Авторский знак Ш 51
p Инвентарный номер 70484
901 Тип документа 1_
t Тип документа x
903 Характеристики (МАРС) __
a Дата передачи 19990111
969 Тип издания __
a Тип издания сборник
990 Данные о заказе (DOS) 00
j Количество экземпляров (DOS) 1
t N записи в КСУ для И/У (DOS) 199801